Properties of formation mechanism of the hydrothermally-synthesized ZrW[2]O[8]; AIP Conference Proceedings; Vol. 1623 : International Conference on Physical Mesomechanics of Multilevel Systems 2014, Tomsk, Russia, 3–5 September 2014
| Parent link: | AIP Conference Proceedings Vol. 1623 : International Conference on Physical Mesomechanics of Multilevel Systems 2014, Tomsk, Russia, 3–5 September 2014.— 2014.— [P. 99-102] |
|---|---|
| Autor principal: | |
| Autor Corporativo: | |
| Otros Autores: | , |
| Sumario: | Title screen A single-phase ZrW[2]O[8] was prepared using the hydrothermal synthesis by decomposition of ZrW[2]O7(OH1.5,Cl0.5) 2H[2]O . The formation mechanism of ZrW[2]O[8] was described. The morphology of the material was represented as elongated particles with an intrinsic block structure. The stability fields of ZrW[2]O[8] were determined. The ZrW[2]O[8] demonstrated a negative thermal expansion behavior in the temperature range from 25°C to 750°C. Introduction of ZrW[2]O[8] particles as reinforcement element into a metal matrix can lead to the formation of an internal stress caused by the difference between values of thermal expansion of matrix and reinforcing additives, which improve its mechanical properties. Режим доступа: по договору с организацией-держателем ресурса |
| Lenguaje: | inglés |
| Publicado: |
2014
|
| Materias: | |
| Acceso en línea: | http://dx.doi.org/10.1063/1.4898892 http://earchive.tpu.ru/handle/11683/35681 |
| Formato: | MixedMaterials Electrónico Capítulo de libro |
| KOHA link: | https://koha.lib.tpu.ru/cgi-bin/koha/opac-detail.pl?biblionumber=641626 |
MARC
| LEADER | 00000nla2a2200000 4500 | ||
|---|---|---|---|
| 001 | 641626 | ||
| 005 | 20231101134156.0 | ||
| 035 | |a (RuTPU)RU\TPU\network\6543 | ||
| 035 | |a RU\TPU\network\6540 | ||
| 090 | |a 641626 | ||
| 100 | |a 20150525a2014 k y0engy50 ba | ||
| 101 | 0 | |a eng | |
| 102 | |a US | ||
| 105 | |a y z 100zy | ||
| 135 | |a drcn ---uucaa | ||
| 181 | 0 | |a i | |
| 182 | 0 | |a b | |
| 200 | 1 | |a Properties of formation mechanism of the hydrothermally-synthesized ZrW[2]O[8] |f E. S. Dedova, S. N. Kulkov, F. Pedrasa | |
| 203 | |a Text |c electronic | ||
| 300 | |a Title screen | ||
| 320 | |a [References: p. 102 (3 tit.)] | ||
| 330 | |a A single-phase ZrW[2]O[8] was prepared using the hydrothermal synthesis by decomposition of ZrW[2]O7(OH1.5,Cl0.5) 2H[2]O . The formation mechanism of ZrW[2]O[8] was described. The morphology of the material was represented as elongated particles with an intrinsic block structure. The stability fields of ZrW[2]O[8] were determined. The ZrW[2]O[8] demonstrated a negative thermal expansion behavior in the temperature range from 25°C to 750°C. Introduction of ZrW[2]O[8] particles as reinforcement element into a metal matrix can lead to the formation of an internal stress caused by the difference between values of thermal expansion of matrix and reinforcing additives, which improve its mechanical properties. | ||
| 333 | |a Режим доступа: по договору с организацией-держателем ресурса | ||
| 461 | 0 | |0 (RuTPU)RU\TPU\network\4816 |t AIP Conference Proceedings | |
| 463 | 0 | |0 (RuTPU)RU\TPU\network\4814 |t Vol. 1623 : International Conference on Physical Mesomechanics of Multilevel Systems 2014, Tomsk, Russia, 3–5 September 2014 |o [proceedings] |f National Research Tomsk Polytechnic University (TPU) |v [P. 99-102] |d 2014 | |
| 610 | 1 | |a электронный ресурс | |
| 610 | 1 | |a труды учёных ТПУ | |
| 610 | 1 | |a термическое расширение | |
| 610 | 1 | |a металлические матрицы | |
| 610 | 1 | |a армирующие добавки | |
| 610 | 1 | |a механические свойства | |
| 610 | 1 | |a вольфрамат циркония | |
| 700 | 1 | |a Dedova |b E. S. |c specialist in the field of material science |c Assistant of the Department of Tomsk Polytechnic University |f 1987- |g Elena Sergeevna |2 stltpush |3 (RuTPU)RU\TPU\pers\34676 | |
| 701 | 1 | |a Kulkov |b S. N. |c specialist in the field of material science |c Professor of Tomsk Polytechnic University, Doctor of physical and mathematical sciences |f 1952- |g Sergey Nikolaevich |2 stltpush |3 (RuTPU)RU\TPU\pers\31428 | |
| 701 | 1 | |a Pedrasa |b F. |g Fernando | |
| 712 | 0 | 2 | |a Национальный исследовательский Томский политехнический университет (ТПУ) |b Институт физики высоких технологий (ИФВТ) |b Кафедра материаловедения в машиностроении (ММС) |h 74 |2 stltpush |3 (RuTPU)RU\TPU\col\18688 |
| 801 | 2 | |a RU |b 63413507 |c 20170109 |g RCR | |
| 856 | 4 | |u http://dx.doi.org/10.1063/1.4898892 | |
| 856 | 4 | |u http://earchive.tpu.ru/handle/11683/35681 | |
| 942 | |c CF | ||